Tilastot visalle Helsingin katuja 4: Kamppi

Klikkaa tästä pelataksesi tätä visaa!

Yleistilastot

  • Tätä visaa on pelattu 12 kertaa
  • Keskiarvotulos 22 / 50

Vastaustilastot

nimi% Oikein
katuMannerheimintie – Mannerheimvägen
100%
katuBulevardi – Bulevarden
88%
katuSimonkatu – Simonsgatan
88%
katuLönnrotinkatu – Lönnrotsgatan
88%
katuFredrikinkatu – Fredriksgatan
88%
katuYrjönkatu – Georgsgatan
75%
katuLapinlahdenkatu – Lappviksgatan
75%
katuKalevankatu – Kalevagatan
75%
aukioNarinkka – Narinken
75%
katuAnnankatu – Annegatan
75%
katuEteläinen Rautatiekatu – Södra Järnvägsgatan
63%
katuMechelininkatu – Mechelingatan
63%
katuUrho Kekkosen katu – Urho Kekkonens gata
63%
katuUudenmaankatu – Nylandsgatan
63%
katuPohjoinen Rautatiekatu – Norra Järnvägsgatan
63%
katuEerikinkatu – Eriksgatan
63%
katuRuneberginkatu – Runebergsgatan
50%
katuMalminkatu – Malmgatan
50%
aukioKampintori – Kamptorget
50%
katuKampinkuja – Kampgränden
50%
katuSalomonkatu – Salomonsgatan
50%
katuErottajankatu – Skillnadsgatan
50%
polkuBaana – Banan
50%
katuArkadiankatu – Arkadiegatan
50%
katuAntinkatu – Anttigatan
50%
katuRuoholahdenkatu – Gräsviksgatan
38%
aukioTennispalatsinaukio – Tennispalatsskvären
38%
katuAbrahaminkatu – Abrahamsgatan
38%
katuJaakonkatu – Jakobsgatan
38%
katuAlbertinkatu – Albertsgatan
38%
aukioLasipalatsinaukio – Glaspalatstorget
38%
katuLapinrinne – Lappbrinken
38%
aukioHietalahdentori – Sandvikstorget
38%
katuKansakoulukuja – Folkskolegränd
25%
katuMalminrinne – Malmbrinken
25%
katuOlavinkatu – Olofsgatan
25%
katuHietalahdenkatu – Sandviksgatan
25%
katuKöydenpunojankatu – Repslagaregatan
25%
katuHietalahdenranta – Sandvikskajen
25%
katuKansakoulukatu – Folkskolegatan
25%
aukioAnnanaukio – Anneplatsen
13%
katuTyömiehenkatu – Arbetaregatan
13%
katuLastenkodinkatu – Barnhemsgatan
13%
katuRuoholahdenranta – Gräsvikskajen
13%
katuLastenkodinkuja – Barnhemsgränd
13%
katuPorkkalankatu – Porkalagatan
13%
aukioPaasikivenaukio – Paasikiviplatsen
13%
aukioMauno Koiviston aukio – Mauno Koivistos plats
13%
katuSinebrychoffinkatu – Sinebrychoffsgatan
0%
aukioLänsilinkki – Västra länken
0%

Tulosjakauma

Persentiili vastausten määrän mukaan

Jokaisen tuloksen saaneiden osuus

Tuloshistoriasi

Et ole pelannut tätä visaa